| 000 | 00804nam a2200217Ii 4500 | ||
|---|---|---|---|
| 003 | JO-AjNU | ||
| 008 | 230605s9999||||xx |||||||||||||| ||und|| | ||
| 017 | _a2009/4171 | ||
| 020 | _a977-300-280-2 | ||
| 040 |
_aJO-AjNU _bara _erda _cJO-AjNU |
||
| 041 | _aara | ||
| 050 | 1 | 4 | _aBP3791.A82 2009 |
| 100 | 3 |
_aعوده، عبد القادر, _eauthor _928884 |
|
| 245 | 0 | 0 | _aالتشريع الجنائي الإسلامي مقارنا بالقانون الوضعي، ج1 |
| 264 | 3 | 1 | _aالقاهرة: دار الحديث طبع نشر توزيع، 2009 |
| 300 | _aج1، 590ص | ||
| 336 |
_atext _btxt _2rdacontent |
||
| 337 |
_aunmediated _bn _2rdamedia |
||
| 338 |
_avolume _bnc _2rdacarrier |
||
| 650 | 4 |
_aالقانون الجنائي- القانون المقارن- الفقه الاسلامي _928885 |
|
| 999 |
_aA11259 _c14827 _d14827 |
||